000 00419nam a2200181Ia 4500
001 10368
005 20260306161827.0
008 260306t2010||||xx |||||||||||||| ||spa||
041 _aESP
082 _a922
_bM22
100 _aMandela, Nelson
_eAUT
245 0 _aConversaciones conmigo mismo
260 _c2010
300 _a514 páginas :
_c23 cm.
650 _aGEN
654 _aCHU
942 _cLIB
_dJUS
_fJUS
_2ddc
_n
999 _c10368
_d10368